[Event "Veneto-ch qf 79th"]
[Site "Padova"]
[Date "2020.02.22"]
[Round "2.31"]
[White "Gomirato, Anna"]
[Black "Piangerelli, Michele"]
[Result "0-1"]
[WhiteElo "1666"]
[BlackElo "1890"]
[PlyCount "113"]
[EventDate "2020.02.21"]
[EventType "swiss"]
[EventRounds "3"]
[EventCountry "ITA"]
[SourceTitle "EXT 2024"]
[Source "ChessBase"]
[SourceDate "2023.10.10"]
[SourceVersion "1"]
[SourceVersionDate "2023.10.10"]
[SourceQuality "1"]

1. e4 c5 2. Nf3 e6 3. d4 cxd4 4. Nxd4 Nf6 5. Nc3 Nc6 6. Be3 Bb4 7. Bd3 d5 8. exd5 Nxd5 9. Nxc6 bxc6 10. Bd2 Nxc3 11. bxc3 Bd6 12. 0-0 0-0 13. Qh5 g6 14. Qf3 Qc7 15. h3 Bb7 16. Rab1 Rab8 17. Be3 c5 18. Be4 Ba6 19. Bd3 Rxb1 20. Rxb1 Bxd3 21. cxd3 Qa5 22. g3 Qxc3 23. Bh6 c4 24. Bxf8 Kxf8 25. Rd1 Kg7 26. Qe2 a5 27. dxc4 Bc5 28. Qd3 Qb2 29. Rd2 Qe5 30. Re2 Qc7 31. Qc3+ Kg8 32. Rd2 Bb4 33. Qd3 Bxd2 34. Qxd2 Qb6 35. Qc2 Qc5 36. Qa4 Kf8 37. Qb3 Ke7 38. Kf1 Kd6 39. h4 Qb4 40. Ke2 Kc5 41. Kd3 e5 42. Ke3 Qxc4 43. Qa3+ Qb4 44. Qc1+ Kd5 45. Qh1+ Kc5 46. Qc1+ Kb5 47. Qf1+ Ka4 48. Qd1+ Ka3 49. Qd3+ Kxa2 50. Qc2+ Ka3 51. Qc1+ Ka4 52. Qc6+ Qb5 53. Qe4+ Ka3 54. Kf3 f5 55. Qe1 Qd3+ 56. Qe3 Qxe3+ 57. Kxe3 0-1

[Event "Chioggia op-B 13th"]
[Site "Chioggia"]
[Date "2018.09.28"]
[Round "1"]
[White "Gomirato, Anna"]
[Black "Paparella, Stefano"]
[Result "0-1"]
[WhiteElo "1584"]
[BlackElo "1840"]
[PlyCount "50"]
[EventDate "2018.09.28"]
[EventType "swiss"]
[EventRounds "5"]
[EventCountry "ITA"]
[SourceTitle "EXT 2022"]
[Source "ChessBase"]
[SourceDate "2021.10.06"]
[SourceVersion "1"]
[SourceVersionDate "2021.10.06"]
[SourceQuality "1"]

1. e4 e5 2. Nf3 Nc6 3. d4 exd4 4. Nxd4 Bc5 5. Be3 Qf6 6. c3 Nge7 7. Bc4 a6 8. 0-0 0-0 9. Bb3 Ba7 10. Re1 d6 11. Na3 Ne5 12. f4 Ng4 13. Nac2 Nxe3 14. Nxe3 Qxf4 15. Qd3 Ng6 16. Rf1 Ne5 17. Rxf4 Nxd3 18. Rh4 Bd7 19. Rf1 Ne5 20. Rhf4 c5 21. Kh1 cxd4 22. cxd4 Bxd4 23. Nd5 Bb5 24. Nc7 Bxf1 25. Nxa8 Bxg2+ 0-1

[Event "Treviso Lega op-B 2nd"]
[Site "Treviso"]
[Date "2018.04.09"]
[Round "3"]
[White "Gomirato, Anna"]
[Black "Tonon, Lorenzo"]
[Result "0-1"]
[WhiteElo "1385"]
[BlackElo "1543"]
[PlyCount "64"]
[EventDate "2018.03.02"]
[EventType "swiss"]
[EventRounds "5"]
[EventCountry "ITA"]
[SourceTitle "EXT 2022"]
[Source "ChessBase"]
[SourceDate "2021.10.06"]
[SourceVersion "1"]
[SourceVersionDate "2021.10.06"]
[SourceQuality "1"]

1. e4 c5 2. Nf3 g6 3. d4 cxd4 4. Nxd4 Bg7 5. Bc4 Nc6 6. Be3 Nf6 7. Nc3 d6 8. h3 0-0 9. 0-0 Bd7 10. Bb3 a6 11. f4 e5 12. Nde2 Qc7 13. f5 Na5 14. fxg6 hxg6 15. Nd5 Nxd5 16. Bxd5 Nc6 17. c3 Ne7 18. Bb3 Bc6 19. Ng3 Rad8 20. Qf3 d5 21. Bg5 Bb5 22. Rf2 Bc4 23. exd5 Bxb3 24. axb3 f6 25. Bd2 Rxd5 26. c4 Rd7 27. Qg4 Rfd8 28. Be3 f5 29. Qe2 e4 30. Bc1 Qxg3 31. Rxf5 Qd3 32. Qxd3 exd3 0-1

[Event "Treviso op-D 1st"]
[Site "Treviso"]
[Date "2017.03.17"]
[Round "1.17"]
[White "Gomirato, Anna"]
[Black "Scandiuzzi, Roberto"]
[Result "1-0"]
[WhiteElo "1194"]
[BlackElo "1426"]
[PlyCount "65"]
[EventDate "2017.03.17"]
[EventType "swiss"]
[EventRounds "5"]
[EventCountry "ITA"]
[SourceTitle "EXT 2024"]
[Source "ChessBase"]
[SourceDate "2023.10.10"]
[SourceVersion "1"]
[SourceVersionDate "2023.10.10"]
[SourceQuality "1"]

1. e4 c6 2. d4 d5 3. e5 Bf5 4. Nc3 e6 5. f4 Bb4 6. a3 Ba5 7. Bd2 Ne7 8. Nce2 Nd7 9. Nf3 h6 10. Nh4 Bh7 11. Bxa5 Qxa5+ 12. Nc3 0-0 13. Bd3 Qb6 14. Bxh7+ Kxh7 15. Qd3+ Kg8 16. 0-0-0 a6 17. g4 c5 18. Na4 c4 19. Nxb6 cxd3 20. Nxa8 Rxa8 21. Rxd3 Rc8 22. f5 exf5 23. gxf5 Rc4 24. Rg1 Nxe5 25. dxe5 Rxh4 26. f6 Nf5 27. fxg7 Nxg7 28. Rdg3 Kf8 29. Rxg7 Rxh2 30. Rg8+ Ke7 31. Rh8 Re2 32. Rxh6 Rxe5 33. Rb6 1-0